| 000 | 01086nam a2200241 4500 | ||
|---|---|---|---|
| 005 | 20250411120844.0 | ||
| 008 | 250411b |||||||| |||| 00| 0 eng d | ||
| 020 | _a9781526166142 | ||
| 037 | _cTextual | ||
| 040 |
_aRTL _cRTL |
||
| 084 |
_aXogY.5 R2 _qRTL |
||
| 245 | _aImperial inequalities: The politics of economic governance across European empires | ||
| 260 |
_aManchester _bManchester university press _c2022 |
||
| 300 |
_axix, 332 p. _bIncludes bibliographical references and index |
||
| 490 | _aPostcolonial international studies | ||
| 520 | _aThis wide-ranging volume challenges existing historiographical accounts that present states and empires as separate categories. Instead, it views them as co-constitutive units by focusing upon the politics of economic governance across imperial spaces. | ||
| 650 | _aEconomic policy | ||
| 650 |
_a Colonies administration _9752146 |
||
| 650 |
_aEquality Europe history _9752147 |
||
| 700 |
_aBhambra, Gurminder K. _eEditor _9324486 |
||
| 700 |
_aMcclure, Julia _eEditor _9752148 |
||
| 942 |
_2CC _n0 _cTB _hXogY.5 R2 |
||
| 999 |
_c1308857 _d1308857 |
||